| 000 | 01602 a2200253 4500 | ||
|---|---|---|---|
| 001 | 47344 | ||
| 005 | 20260407155741.0 | ||
| 008 | 260407a1995 arg spa d | ||
| 003 | AR-UNSa-BCEJYS | ||
| 040 |
_aAR-UNSa-BCEJYS _bspa _cAR-UNSa-BCEJYS |
||
| 080 |
_a519.83 _xTeoría de juegos |
||
| 245 | 1 | 0 | _aJuegos de empresarios y economistas |
| 020 | _a84-85855-78-7 | ||
| 264 | 1 |
_aBarcelona : _bAntoni Bosch _c1995 |
|
| 300 |
_a543 p. _c23 cm. |
||
| 505 | _aParte I: Teoría básica de los juegos: 1. Una introducción a los juegos y su teoría - 2. Juegos de dos jugadores - 3. Estrategias mixtas y equilibrio en estrategias mixtas - 4. Juegos con n jugadores en forma normal - 5. Juegos no cooperativos de mercado en forma normal -- Parte II: Juegos con estructura secuencial: 6. Credibilidad y equilibrio perfecto en subjuegos - 7. Juegos repetidos - 8. Estabilidad evolutiva y racionalidad acotada -- Parte III: Juegos con información imperfecta: 9. Juegos de señalización y equilibrio secuencial - 10. Juegos entre un principal y un agente - 11. Subastas -- Parte IV: Juegos de negociación: 12. Negociación con dos jugadores - 13. Arbitraje - 14. Negociación entre n personas y el núcleo -- Parte V: Juegos, mercados y política: 15. Mercado a dos bandas y juegos de emparejamiento - 16. Juegos de votación. | ||
| 041 | _aspa | ||
| 942 | _cBK | ||
| 590 | _aniveau_biblio:m niveau_hierar:0 | ||
| 100 | 1 | _aCalvo, Paloma | |
| 700 | 1 | _aGardner, Roy | |
| 700 | 1 | _aVilà, Xavier | |
| 856 | 4 | 1 |
_uhttps://www.biblioeco.unsa.edu.ar/pmb/images/libros/L127479.jpg _yImagen de portada _qimage/jpeg |
| 999 |
_c4343 _d4343 |
||